| 000 | 00516nam a2200169 a 4500 | ||
|---|---|---|---|
| 005 | 20240601063755.0 | ||
| 008 | 991125s1888 mx 000 0 spa u | ||
| 035 | _aUPN01000020404 | ||
| 049 | _aLT | ||
| 050 | 4 |
_aLB1577 M6 _bM3.3 |
|
| 100 | 1 | _aMata y Araujo, Luis de | |
| 245 | 1 | 0 |
_aEpítome de gramática castellana / _cLuis de Mata y Araujo. |
| 260 |
_aMéxico : _bTip. de Aguilar e hijos, _c1888. |
||
| 300 | _a121 p. | ||
| 650 | 4 |
_aEspañol _xGramática _xEstudio y enseñanza (Elemental) _913348 |
|
| 905 | _aLibro | ||
| 999 |
_c20404 _d20404 |
||